000
00279nam a22001097a 4500
008
170120b xxu||||| |||| 00| 0 eng d
020
_a
9781401830175
041
_a
eng
080
_a
618.2
245
_a
ESSENTIALS OF NURSING LEADESHIP & MANAGEMENT
_c
HEIDETHAL. P/K
942
_2
udc
_c
BK
999
_c
3306
_d
3306